=LDR 00000nam 2200000 4500 =001 INLIS000000000029115 =005 20141206103433.0 =006 =007 =008 Ind =035 ##$$0010-061300000029115 =041 ##$$a Ind =082 ##$$a 2x3.131 =090 ##$$a 2x3.131, Alg m =100 ##$$a Al-Ghazali =245 ##$$a Menyingkap rahasia qolbu, Al-Ghazali ; penerjemah, Moh Syamsi Hasan =260 ##$$a [20...?] $b Surabaya =300 ##$$a 544 hlm, 21 cm =650 ##$$a Mttaqin =850 ##$$a NBPNMAT